000 00780namaa2200241 4500
001 173712
003 ES-MaACL
005 20230906215325.0
008 100113s1985 sp d |||| | spa d
020 _a84-86192-45-1
040 _aIBH
_bspa
_cSpMaBN
_erdc
080 _a159.95
100 1 _aJimeno Valdés, Agustín.
_966658
245 1 0 _aConsciencia, conscienciación y psico-sociopatología /
_cAgustín Jimeno Valdés.
260 _aValladolid :
_bUniversidad, Secretariado de Publicaciones,
_c[1985]
300 _a189 p. :
_bgráf. ;
_c20 cm.
490 1 _aLibro de bolsillo. Medicina ;
_v1
500 _aÍndice.
650 4 _aConciencia.
_911241
830 0 _aLibro de bolsillo. Medicina ;
_v1
_9223590
852 _aES-MaACL
_jL-8733
999 _c173712
_d173712